Psychológia práce a organizácie 2020 zborník príspevkov z 19. medzinárodnej konferencie

Bibliographic Details
Corporate Author: Psychológia práce a organizácie Košice, Slovensko (Author)
Other Authors: Fedáková, Denisa, 1975- (Editor), Piterová, Ivana, 1990- (Editor), Výrost, Jozef, 1951- (Editor)
Format: Conference Proceeding Software eBook
Language:Slovak
Czech
English
PhysicalDescription:1 CD-ROM farebný 12 cm
Published: Košice Spoločenskovedný ústav CSPV SAV 2020
ISBN:9788089524518
Subjects:

MARC

LEADER 00000nam a2200000 4500
001 vtls012016616
003 SK-MaSNL
005 20260301104051.0
007 co cg auuua
008 210303s2020 xo | fqn 100 0 slo
015 |a SNBS2022 
020 |a 9788089524518  |q (elektronická kniha) 
040 |a SNK  |b slo  |c SNK  |e rda 
041 0 |a slo  |a cze  |a eng 
044 |a xo  |c SK 
072 7 |a 331  |x Práca  |2 konspekt 
080 |a 331.101.3  |2 2011 
080 |a 159.9.072.5  |2 2011 
080 |a (0.034.44)  |2 2011 
080 |a (062.534)  |2 2011 
111 2 |a Psychológia práce a organizácie  |n (19. :  |d 2020 :  |c Košice, Slovensko)  |4 aut  |9 442208 
245 1 0 |a Psychológia práce a organizácie 2020  |b zborník príspevkov z 19. medzinárodnej konferencie  |c Ivana Piterová, Denisa Fedáková, Jozef Výrost (Eds.) 
246 3 1 |a Work and organizational psychology 2020 
264 1 |a Košice  |b Spoločenskovedný ústav CSPV SAV  |c 2020 
300 |a 1 CD-ROM  |b farebný  |c 12 cm 
336 |a text  |b txt  |2 rdacontent 
337 |a počítač  |b c  |2 rdamedia 
338 |a počítačový disk  |b cd  |2 rdacarrier 
347 |a textový súbor  |b PDF  |2 rda 
504 |a Obsahuje bibliografiu 
536 |a S podporou grantového projektu VEGA 2/0012/19 
546 |a Text čiastočne aj v angličtine a češtine 
650 0 7 |a psychológia práce  |2 SNKPH  |9 2347 
650 0 7 |a psychodiagnostika  |2 SNKPH  |9 69333 
650 0 7 |a Work psychology  |2 SNKPHeng  |9 333297 
650 0 7 |a Psychodiagnostics  |2 SNKPHeng  |9 325398 
655 7 |a CD-ROM  |2 SNKPH  |9 70236 
655 7 |a zborníky konferencií  |2 SNKPH  |9 70153 
655 7 |a Proceedings of conferences  |2 SNKPHeng  |9 265791 
700 1 |a Fedáková, Denisa,  |d 1975-  |4 edt  |9 237817 
700 1 |a Piterová, Ivana,  |d 1990-  |4 edt  |9 442209 
700 1 |a Výrost, Jozef,  |d 1951-  |4 edt  |9 186819 
710 2 |a Slovenská akadémia vied.  |b Centrum spoločenských a psychologických vied.  |b Spoločenskovedný ústav  |4 pbl  |9 193262 
919 |a 978-80-89524-51-8 
958 |a NB 
999 |c 697161  |d 699091 
952 |a SNK  |b SNK  |y PREZ  |7 0  |p 17A1457480  |o snkSCDM 11917  |i snk2021/11581  |8 0  |0 0  |1 0  |4 0  |d 2021-09-03  |l 0  |r 2026-02-23 20:45:56  |w 2026-02-23